000 00317nam a22001337a 4500
008 171020b xxu||||| |||| 00| 0 eng d
020 _a2900073310236
041 _aeng
080 _27TH
_a338
100 _a54
101 _aMEN
245 _aESSENTIALS OF ATHLETIC INJURY MANAGEMENT
_cPRENTICE,W.E
942 _2udc
_cBK
999 _c35191
_d35191